[Event "163 Stay Safe Play From Home"]
[Site "T#646248Emanuel Laske"]
[Date "2020.05.22"]
[Round "9"]
[White "Fischer_11"]
[Black "Emresenar"]
[Result "1-0"]
[WhiteElo "2060"]
[BlackElo "1745"]
[Annotator "NA RC"]
[PlyCount "57"]
[EventDate "2020.05.22"]
[EventType "swiss (blitz)"]

1. e4 {[%emt 0:00:02]} b6 {[%emt 0:00:00]} 2. d4 {[%emt 0:00:01]} Bb7 {[%emt 0:00:00]} 3. Nc3 {[%emt 0:00:00]} g6 {[%emt 0:00:03]} 4. Bd3 {[%emt 0:00:00]} Bg7 {[%emt 0:00:00]} 5. Qe2 {[%emt 0:00:00]} e6 {[%emt 0:00:01]} 6. Nf3 {[%emt 0:00:01]} Ne7 {[%emt 0:00:00]} 7. O-O {[%emt 0:00:00]} O-O {[%emt 0:00:01]} 8. e5 {[%emt 0:00:01]} d6 {[%emt 0:00:02]} 9. Ne4 {[%emt 0:00:02]} dxe5 {[%emt 0:00:02]} 10. dxe5 {[%emt 0:00:01]} Nbc6 {[%emt 0:00:01]} 11. Nf6+ {[%emt 0:00:04]} Bxf6 {[%emt 0:00:01]} 12. exf6 {[%emt 0:00:00]} Nd5 {[%emt 0:00:04]} 13. Bg5 {[%emt 0:00:04]} Nxf6 {[%emt 0:00:01]} 14. Ne5 {[%emt 0:00:03]} Nxe5 {[%emt 0:00:06]} 15. Qxe5 {[%emt 0:00:00]} Qd5 {[%emt 0:00:02]} 16. Qxd5 {[%emt 0:00:05]} Nxd5 {[%emt 0:00:00]} 17. Be4 {[%emt 0:00:01]} f6 {[%emt 0:00:03]} 18. Bh6 {[%emt 0:00:02]} Rfe8 {[%emt 0:00:03]} 19. c4 {[%emt 0:00:01]} Ne3 {[%emt 0:00:15]} 20. Bxb7 {[%emt 0:00:02]} Nxf1 {[%emt 0:00:01]} 21. Bxa8 {[%emt 0:00:01]} g5 {[%emt 0:00:06]} 22. Kxf1 {[%emt 0:00:02]} Rxa8 {[%emt 0:00:02]} 23. h4 {[%emt 0:00:00]} Kf7 {[%emt 0:00:02]} 24. hxg5 {[%emt 0:00:01]} Kg6 {[%emt 0:00:00]} 25. f4 {[%emt 0:00:02]} Re8 {[%emt 0:00:02]} 26. g3 {[%emt 0:00:02]} e5 {[%emt 0:00:01]} 27. Re1 {[%emt 0:00:01]} e4 {[%emt 0:00:01]} 28. Kf2 {[%emt 0:00:02]} f5 {[%emt 0:00:00]} 29. Ke3 {[%emt 0:00:00] Zaman (Lag: Av=0.54s, max=0.8s)} 1-0

[Event "163 Stay Safe Play From Home"]
[Site "T#646248Emanuel Laske"]
[Date "2020.05.22"]
[Round "9"]
[White "Haxhi Baha"]
[Black "Lamborghini"]
[Result "0-1"]
[WhiteElo "1918"]
[BlackElo "2190"]
[Annotator "TA"]
[PlyCount "64"]
[EventDate "2020.05.22"]
[EventType "swiss (blitz)"]

{[%evp 14,64,17,0,5,-5,50,13,94,102,130,121,129,-86,218,77,357,118,80,-58,37,23,162,83,68,-65,8,-172,462,469,1016,927,859,360,1002,978,1268,783,753,643,1339,1064,993,153,358,189,237,-176,9,-156,-129,-325,0]} 1. e4 c5 2. Nf3 d6 3. d4 cxd4 4. Nxd4 Nf6 5. Nc3 g6 6. Be2 Bg7 7. Be3 O-O 8. g4 Nc6 {B72: Sicilian Dragon: 6 Be3, lines with h3+Bc4 and sidelines.} 9. g5 Nd7 (9... Ng4 $11) 10. h4 $14 a6 (10... Qa5 $11 {remains equal.}) 11. h5 $16 {[#]} Re8 $146 ({Predecessor:} 11... Na5 12. hxg6 hxg6 13. Qd2 Re8 14. O-O-O b5 15. f4 b4 16. Nd5 e6 17. Nf6+ Nxf6 18. gxf6 Qxf6 19. Qxb4 {0-1 (44) Gaehwiler,G (2267)-Zhou,Y (2430) Prague 2012}) 12. hxg6 hxg6 13. f4 $2 (13. Qd2 $16) 13... Qc7 $2 {[%mdl 8192]} (13... Nxd4 $1 $17 {stays on course.} 14. Bxd4 e5 15. fxe5 Qxg5 16. exd6 Qg3+ {[%mdl 64] Double Attack} 17. Bf2 Bxc3+ 18. Kf1 Qg5 19. bxc3 Rxe4) 14. Nd5 (14. Qd2 $1 $18 {is the precise move to win.}) 14... Qb8 $2 {[%mdl 8192]} (14... Qa5+ $16 15. Kf2 Qd8) 15. Bc4 $2 (15. f5 $18 {and the rest is easy.}) 15... e6 16. Nc3 (16. Nf6+ $16 Nxf6 17. gxf6 Bxf6 18. Bb3) 16... Qc7 (16... d5 $1 $15 17. Be2 Nxd4 {[%mdl 64] Overworked Piece} 18. Bxd4 Qxf4 {[%mdl 64] Double Attack} 19. Bxg7 Qg3+ 20. Kf1 Kxg7 21. Qd4+ Ne5 22. exd5 Qxg5) 17. Bb3 $36 {[%mdl 2048] White is more active.} b5 (17... Nxd4 $1 $11 18. Bxd4 e5 19. fxe5 (19. Nd5 Qd8 $11) 19... Nxe5 20. Bxe5 Rxe5) 18. Nxc6 (18. f5 $1 $18 {[%cal Rf5e6]} Bxd4 19. Bxd4) 18... Qxc6 19. Qf3 (19. Bd4 $14 b4 20. Bxg7 (20. Ba4 Qc4 $14) 20... bxc3 21. Qd4 (21. Bxc3 Qxe4+ {[%mdl 64] Double Attack} 22. Kf2 Qxf4+ {[%mdl 64] Double Attack} 23. Ke1 Qg3+ 24. Kf1 Ne5 $17)) 19... Bb7 ({Black should play} 19... a5 $15 20. a4 Bb7) 20. Qh3 $2 (20. O-O-O $11 {and White has nothing to worry.}) 20... Nf8 $4 {[%mdl 8192]} (20... Bxc3+ $19 21. bxc3 Qxc3+ {[%mdl 64] Double Attack} 22. Kf2 Bxe4 {[%mdl 64] Double Attack}) 21. O-O-O $1 $18 a5 (21... Qd7 $142 22. Bc5 {[%mdl 64] Pin} Rad8) 22. Bd4 {White wants to mate with Qh8+!} e5 23. Bd5 (23. fxe5 $142 {And now e6! would win.} Qd7 24. Qh4) 23... Qc7 $2 (23... Qd7) 24. f5 Bc8 25. Qh4 {f6 is the strong threat.} gxf5 26. g6 Be6 27. gxf7+ Qxf7 28. Bxe6 $2 (28. exf5 $18 {is more deadly.} Bxd5 29. Nxd5) 28... Nxe6 $2 (28... Rxe6 $16 {was necessary.} 29. Rdg1 Rg6) 29. Qh7+ Kf8 30. exf5 $4 {[%mdl 8192] [#]} (30. Bb6 $18) 30... Nxd4 $2 (30... Ng5 $1 $19 {[%cal Rg5h7]} 31. Qg6 exd4 32. Qxf7+ Kxf7 33. Nxb5 Ne4) 31. f6 $2 (31. Rdf1 $1 $11 Bf6 32. Ne4) 31... Bxf6 $17 {Strongly threatening ...Qxh7.} ({Don't go for} 31... Qxf6 $2 {[#]} 32. Rdf1 $1 $18 {[%mdl 512]}) 32. Qh6+ $2 (32. Qd3 $17) 32... Qg7 $2 {[%mdl 32768] Accuracy: White = 27%, Black =  8%. . Loss on time!?} (32... Bg7 $19 33. Qxd6+ Kg8) 0-1

[Event "163 Stay Safe Play From Home"]
[Site "T#646248Emanuel Laske"]
[Date "2020.05.22"]
[Round "9"]
[White "Ionutn28"]
[Black "Lazieri3"]
[Result "0-1"]
[WhiteElo "1799"]
[BlackElo "2110"]
[Annotator "NA RC"]
[PlyCount "34"]
[EventDate "2020.05.22"]
[EventType "swiss (blitz)"]

1. e4 {[%emt 0:00:01]} c6 {[%emt 0:00:01]} 2. d3 {[%emt 0:00:01]} d5 {[%emt 0:00:00]} 3. Nd2 {[%emt 0:00:00]} dxe4 {[%emt 0:00:01]} 4. dxe4 {[%emt 0:00:00]} Nf6 {[%emt 0:00:01]} 5. Ngf3 {[%emt 0:00:00]} Bg4 {[%emt 0:00:00]} 6. e5 {[%emt 0:00:02]} Nd5 {[%emt 0:00:02]} 7. a3 {[%emt 0:00:02]} e6 {[%emt 0:00:01]} 8. Bd3 {[%emt 0:00:00]} Nd7 {[%emt 0:00:02]} 9. O-O {[%emt 0:00:00]} Nxe5 {[%emt 0:00:01]} 10. h3 {[%emt 0:00:01]} Nxd3 {[%emt 0:00:04]} 11. hxg4 {[%emt 0:00:04]} Nxc1 {[%emt 0:00:01]} 12. Rxc1 {[%emt 0:00:01]} h5 {[%emt 0:00:01]} 13. gxh5 {[%emt 0:00:03]} Rxh5 {[%emt 0:00:02]} 14. c4 {[%emt 0:00:00]} Nf4 {[%emt 0:00:02]} 15. Ne4 {[%emt 0:00:01]} Rh8 {[%emt 0:00:04]} 16. Qxd8+ {[%emt 0:00:02]} Rxd8 {[%emt 0:00:02]} 17. g3 {[%emt 0:00:00]} Ne2+ {[%emt 0:00:02] Ionutn28 resigns (Lag: Av=0.56s, max=0.6s)} 0-1

[Event "163 Stay Safe Play From Home"]
[Site "T#646248Emanuel Laske"]
[Date "2020.05.22"]
[Round "9"]
[White "Trotsky"]
[Black "Victory_gm"]
[Result "0-1"]
[WhiteElo "1583"]
[BlackElo "2025"]
[Annotator "RC"]
[PlyCount "58"]
[EventDate "2020.05.22"]
[EventType "swiss (blitz)"]

1. d4 {[%emt 0:00:01]} d5 {[%emt 0:00:01]} 2. e3 {[%emt 0:00:00]} e5 {[%emt 0:00:01]} 3. c4 {[%emt 0:00:01]} e4 {[%emt 0:00:01]} 4. Nc3 {[%emt 0:00:01]} c6 {[%emt 0:00:01]} 5. Qc2 {[%emt 0:00:01]} Nf6 {[%emt 0:00:01]} 6. Bd2 {[%emt 0:00:00]} Be6 {[%emt 0:00:01]} 7. O-O-O {[%emt 0:00:01]} Be7 {[%emt 0:00:02]} 8. c5 {[%emt 0:00:01]} O-O {[%emt 0:00:01]} 9. f3 {[%emt 0:00:00]} b6 {[%emt 0:00:00]} 10. fxe4 {[%emt 0:00:01]} dxe4 {[%emt 0:00:01]} 11. h4 {[%emt 0:00:01]} bxc5 {[%emt 0:00:02]} 12. Bd3 {[%emt 0:00:07]} exd3 {[%emt 0:00:01]} 13. Qxd3 {[%emt 0:00:01]} cxd4 {[%emt 0:00:01]} 14. exd4 {[%emt 0:00:02]} Nd5 {[%emt 0:00:01]} 15. Nf3 {[%emt 0:00:01]} Nd7 {[%emt 0:00:01]} 16. Ng5 {[%emt 0:00:01]} g6 {[%emt 0:00:03]} 17. h5 {[%emt 0:00:01]} Bf5 {[%emt 0:00:01]} 18. Nce4 {[%emt 0:00:04]} Bxg5 {[%emt 0:00:02]} 19. hxg6 {[%emt 0:00:03]} Bxd2+ {[%emt 0:00:03]} 20. Rxd2 {[%emt 0:00:01]} fxg6 {[%emt 0:00:01]} 21. Rh6 {[%emt 0:00:06]} Bxe4 {[%emt 0:00:02]} 22. Qxe4 {[%emt 0:00:01]} Qg5 {[%emt 0:00:02]} 23. Kb1 {[%emt 0:00:04]} Qxh6 {[%emt 0:00:02]} 24. Qe6+ {[%emt 0:00:01]} Rf7 {[%emt 0:00:01]} 25. Rf2 {[%emt 0:00:03]} Raf8 {[%emt 0:00:00]} 26. Rf1 {[%emt 0:00:09]} Qd2 {[%emt 0:00:03]} 27. Rh1 {[%emt 0:00:05]} Qd3+ {[%emt 0:00:03]} 28. Ka1 {[%emt 0:00:02]} Nb4 {[%emt 0:00:01]} 29. a3 {[%emt 0:00:02]} Nc2+ {[%emt 0:00:02] ' Âðåìÿ (Lag: Av=0.30s, max=0.4s)} 0-1